Stratégia rozvoja poľnohospodárskych podnikov a konkurenčná schopnosť agropotravinárstva III. [zborník vedeckých prác]

Salvato in:
Dettagli Bibliografici
Ente Autore: Ekonomická univerzita v Bratislave
Altri autori: Tóth, Miroslav, 1961-, Cvečko, Juraj, Záhoran, Ján
Natura: Libro
Lingua:slovacco
inglese
Pubblicazione: Bratislava Vydavateľstvo EKONÓM 2011
Soggetti:
Tags: Aggiungi Tag
Nessun Tag, puoi essere il primo ad aggiungerne!!

MARC

LEADER 00000nam a2200000 4500
001 0143777
005 20240502072558.4
020 |a 978-80-225-3302-7 
041 0 |a slo 
041 0 |a eng 
044 |a SK 
245 1 0 |a Stratégia rozvoja poľnohospodárskych podnikov a konkurenčná schopnosť agropotravinárstva III.  |b [zborník vedeckých prác]  |c Miroslav Grznár a kolektív, redakčné a zostaviteľské práce Miroslav Tóth 
264 1 |a Bratislava  |b Vydavateľstvo EKONÓM  |c 2011 
300 |a 70 s. 
610 2 0 |a poľnohospodárstvo 
610 2 0 |a agropotravinárstvo 
610 2 0 |a podnik poľnohospodársky 
610 2 0 |a rozvoj podniku 
610 2 0 |a konkurencieschopnosť 
610 2 0 |a podmienky prírodné 
610 2 0 |a poľnohospodárstvo alternatívne 
610 2 0 |a bioprodukty 
610 2 0 |a biomasa 
700 1 |a Tóth, Miroslav, 1961- 
700 1 |a Cvečko, Juraj 
700 1 |a Záhoran, Ján 
710 2 |a Ekonomická univerzita v Bratislave